| 000 | 00424nam a2200181Ia 4500 | ||
|---|---|---|---|
| 005 | 20250603145047.0 | ||
| 008 | 250603s9999 xx 000 0 und d | ||
| 020 | _a9789784982702 | ||
| 050 | _aKP 69 .O4/ | ||
| 100 | _aOlakanmi, Jide | ||
| 245 | 0 | _aHand book of the Federal Court of Appeal | |
| 260 | _aAbuja | ||
| 260 | _bLawLord Publication | ||
| 260 | _c2013 | ||
| 300 | _a182 p | ||
| 650 | _aAbuja | ||
| 942 | _cBK | ||
| 999 |
_c40753 _d40753 |
||